000 00379nam a2200145Ia 4500
008 230711s9999||||xx |||||||||||||| ||und||
041 _aENG
082 _a624
_bSH-I
100 _aSharma,S.K
245 0 _aPrinciples and practice of irrigation engineering
250 _a2nd . Ed.
260 _c1988
_aNew Delhi
_bS.Chand & Company Ltd
650 _aCivil Engineering
942 _cBK
999 _c2283
_d2283